|
|
|
|
| LEADER |
00000nab a2200000 a 4500 |
| 001 |
vtls000146026 |
| 003 |
SK-MaSNL |
| 005 |
20260304062056.0 |
| 008 |
250422c1983 xo 0 slo |
| 015 |
|
|
|a SNBRB19rr/mm-uuuuu
|
| 035 |
|
|
|a CL0156133
|
| 035 |
|
|
|a urn:nbn:sk:snk-ab6u00
|
| 035 |
|
|
|a (uuid)7dfc1a64-2473-45cc-a34f-6f126807d13a
|
| 035 |
|
|
|a (urnnbn)urn:nbn:sk:snk:ar-a05xnb
|
| 035 |
|
|
|a (sysno)vtls000146026
|
| 040 |
|
|
|a SNKBUCL
|b slo
|c SNKBUCL
|e AACR2
|
| 041 |
0 |
|
|a slo
|
| 044 |
|
|
|a xo
|c SK
|
| 080 |
|
|
|a 577.164.1
|2 1981
|
| 100 |
1 |
|
|a Hutníková, Jana
|4 aut
|9 283242
|
| 245 |
1 |
0 |
|a Vitamíny v racionálnej výžive
|b Vitamín B2 (riboflavín, lektoflavín)
|c Jana Hutníková, Rudolf Ondreička
|
| 650 |
0 |
7 |
|a vitamín B2
|2 snkbucl
|9 90252
|
| 655 |
|
7 |
|a články z novín a časopisov
|2 snkbucl
|9 267496
|
| 700 |
1 |
|
|a Ondreička, Rudolf
|4 aut
|9 193861
|
| 773 |
0 |
|
|t Výživa a zdravie
|g Roč. 28, č. 3 (1983), s. 52-53
|
| 850 |
|
|
|a Slovenská národná knižnica
|
| 852 |
|
|
|a Slovenská národná knižnica
|
| 954 |
|
|
|a odborná, vedecká literatúra pôvodná (slovenská)
|2 lita
|
| 958 |
|
|
|a article27
|
| 958 |
|
|
|a RK
|
| 958 |
|
|
|a MI
|
| 958 |
|
|
|a OND
|
| 958 |
|
|
|a EUIPO
|
| 992 |
|
|
|a RBX
|
| 999 |
|
|
|c 2736367
|d 2738297
|